[Event "M.Chigorin Memorial 2017 "]
[Site "?????-?????????"]
[Date "2017.10.24"]
[Round "4"]
[Board "33"]
[White "Kokarev, Dmitry"]
[Black "Chukavin, Kirill"]
[Result "1/2-1/2"]
[WhiteElo "2622"]
[BlackElo "2256"]
[PlyCount "80"]
[EventDate "2017.10.21"]
[EventRounds "9"]
[EventCountry "RUS"]

1. e4 c5 2. Nf3 e6 3. d4 cxd4 4. Nxd4 Nf6 5. Nc3 d6 6. g4 e5 7. Bb5+ Bd7 8.
Bxd7+ Qxd7 9. Nf5 h5 10. gxh5 Nxh5 11. Bh6 Nc6 12. Qxh5 Ne7 13. Qf3 Nxf5 14.
exf5 Rxh6 15. Nd5 O-O-O 16. O-O-O Kb8 17. Kb1 Rc8 18. h4 Be7 19. h5 Bg5 20. a3
Qc6 21. c3 Rch8 22. Qg4 f6 23. Ka1 Qd7 24. f4 Bxf4 25. Nxf4 exf4 26. Qxf4 Rxh5
27. Rxh5 Rxh5 28. Rxd6 Rxf5 29. Qh2 Rh5 30. Qf4 Rf5 31. Qh2 Rh5 32. Qf4 Rf5 33.
Qh2 Rh5 34. Qf4 Rf5 35. Qh2 Rh5 36. Qf4 Rf5 37. Qh2 Rh5 38. Qf4 Rf5 39. Qh2 Rh5
40. Qf4 Rf5  1/2-1/2

[Event "M.Chigorin Memorial 2017 "]
[Site "?????-?????????"]
[Date "2017.10.24"]
[Round "4"]
[Board "34"]
[White "Tugarin, Anton"]
[Black "Sengupta, Deep"]
[Result "0-1"]
[WhiteElo "2251"]
[BlackElo "2587"]
[PlyCount "126"]
[EventDate "2017.10.21"]
[EventRounds "9"]
[EventCountry "RUS"]

1. Nf3 Nf6 2. c4 e6 3. g3 b6 4. Bg2 Bb7 5. O-O Be7 6. Nc3 O-O 7. Re1 d5 8. cxd5
Nxd5 9. Nxd5 Bxd5 10. d4 Nd7 11. e4 Bb7 12. a3 Nf6 13. Qc2 c5 14. Bf4 cxd4 15.
Rad1 Qc8 16. Qxc8 Raxc8 17. Nxd4 a6 18. f3 Rfd8 19. Be3 Nd7 20. Bf1 Ne5 21. Kg2
g5 22. g4 h5 23. h3 hxg4 24. hxg4 Kg7 25. Rc1 Rxc1 26. Rxc1 Bc5 27. Nc2 Bxe3
28. Nxe3 b5 29. Rd1 Rc8 30. Kg3 Kf6 31. Be2 Ke7 32. Rh1 Ng6 33. Rd1 Nf4 34. Bf1
Bc6 35. Rc1 Kd6 36. a4 Rh8 37. a5 Rc8 38. b4 Bd7 39. Rxc8 Bxc8 40. Nc2 Ke5 41.
Kf2 f5 42. Ke3 fxg4 43. Ne1 Bb7 44. Bd3 g3 45. Bf1 Bc6 46. Ng2 Ng6 47. Ne1 Kd6
48. Nd3 e5 49. Bh3 Nf4 50. Nxf4 exf4+ 51. Kd4 Bd7 52. Bg2 Be6 53. e5+ Ke7 54.
Ke4 Kf7 55. Kd4 Kg6 56. Kc5 Kf7 57. Kd4 Ke7 58. Ke4 Bc8 59. Bf1 Bb7+ 60. Kf5
Bxf3 61. Kxg5 g2 62. Bxg2 Bxg2 63. Kxf4 Ke6  0-1

[Event "M.Chigorin Memorial 2017 "]
[Site "?????-?????????"]
[Date "2017.10.24"]
[Round "4"]
[Board "35"]
[White "Boruchovsky, Avital"]
[Black "Shuvalov, Evgenij"]
[Result "0-1"]
[WhiteElo "2565"]
[BlackElo "2247"]
[PlyCount "70"]
[EventDate "2017.10.21"]
[EventRounds "9"]
[EventCountry "RUS"]

1. e4 e6 2. d4 d5 3. Nc3 Bb4 4. exd5 exd5 5. Bd3 Nc6 6. a3 Be7 7. Nge2 Bf6 8.
Nf4 Nge7 9. O-O Bxd4 10. Qh5 g6 11. Qh6 Ng8 12. Re1+ Nce7 13. Qg5 c6 14. Ncxd5
cxd5 15. Qxd5 Qxd5 16. Nxd5 Kd8 17. Nxe7 Nxe7 18. Bb5 Bf6 19. Rd1+ Kc7 20. Bf4+
Kb6 21. a4 Nc6 22. c4 Be5 23. Be3+ Kc7 24. Rd5 f6 25. f4 Bxb2 26. Rb1 Ba3 27.
c5 Bf5 28. Rxf5 gxf5 29. Rb3 Bb4 30. Bxc6 Kxc6 31. Rxb4 Rhe8 32. Rb3 Re4 33.
Rd3 Rae8 34. Bf2 Rxa4 35. Rd6+ Kb5  0-1

[Event "M.Chigorin Memorial 2017 "]
[Site "?????-?????????"]
[Date "2017.10.24"]
[Round "4"]
[Board "36"]
[White "Zimin, Alexey"]
[Black "Lintchevski, Daniil"]
[Result "1/2-1/2"]
[WhiteElo "2227"]
[BlackElo "2560"]
[PlyCount "86"]
[EventDate "2017.10.21"]
[EventRounds "9"]
[EventCountry "RUS"]

1. e4 e6 2. d4 d5 3. Nc3 Nf6 4. e5 Nfd7 5. f4 c5 6. Nf3 Nc6 7. Be3 Be7 8. dxc5
Bxc5 9. Qd2 O-O 10. Bxc5 Nxc5 11. O-O-O b6 12. Bb5 Ne7 13. g4 Bd7 14. Nd4 Bxb5
15. Ndxb5 Nc6 16. Qe3 Qh4 17. h3 Rad8 18. Nd4 Nxd4 19. Rxd4 h6 20. g5 Qh5 21.
h4 hxg5 22. fxg5 Rc8 23. Kb1 Rfd8 24. Rhd1 Nd7 25. R1d2 Nb8 26. Ne2 Nc6 27. Rf4
Qg6 28. b3 d4 29. Nxd4 Nb4 30. Qe4 Qxe4 31. Rxe4 Rc5 32. Ree2 Nd5 33. Kb2 Nf4
34. Nf3 Rdd5 35. Rxd5 exd5 36. Rd2 Kh7 37. Nd4 Kg6 38. Rf2 Ne6 39. c3 Nxd4 40.
cxd4 Rc7 41. a4 a5 42. Rf4 Kh5 43. Ka3 Kg6  1/2-1/2

[Event "M.Chigorin Memorial 2017 "]
[Site "?????-?????????"]
[Date "2017.10.24"]
[Round "4"]
[Board "37"]
[White "Steinberg, Nitzan"]
[Black "Anchutin, Nikita"]
[Result "1-0"]
[WhiteElo "2524"]
[BlackElo "2219"]
[PlyCount "73"]
[EventDate "2017.10.21"]
[EventRounds "9"]
[EventCountry "RUS"]

1. e4 c5 2. Nf3 e6 3. d4 cxd4 4. Nxd4 a6 5. Be2 Nf6 6. Nc3 d6 7. f4 Qc7 8. O-O
Be7 9. Kh1 O-O 10. g4 Nc6 11. g5 Nd7 12. Nb3 b5 13. a3 Bb7 14. Bf3 Rfe8 15. Bg2
Bf8 16. Rf3 Rac8 17. Rh3 g6 18. Qe1 Bg7 19. Be3 Ne7 20. Nd4 e5 21. fxe5 dxe5
22. Nb3 Bc6 23. Qh4 Nf8 24. Rf1 Bd7 25. Rhf3 Be6 26. Nc5 Nc6 27. Nxa6 Qa5 28.
Nc5 Nd4 29. Bxd4 exd4 30. Nd5 Bxd5 31. exd5 Qd2 32. Ne4 Qxc2 33. Rxf7 d3 34.
Nd6 d2 35. Rxg7+ Kxg7 36. Qd4+ Kg8 37. Nf7  1-0

[Event "M.Chigorin Memorial 2017 "]
[Site "?????-?????????"]
[Date "2017.10.24"]
[Round "4"]
[Board "38"]
[White "Pogorelskikh, Sergey"]
[Black "Praggnanandhaa, R"]
[Result "1-0"]
[WhiteElo "2225"]
[BlackElo "2503"]
[PlyCount "119"]
[EventDate "2017.10.21"]
[EventRounds "9"]
[EventCountry "RUS"]

1. e4 e5 2. Nf3 Nc6 3. Bb5 g6 4. d4 exd4 5. Bg5 Be7 6. Bxe7 Qxe7 7. Bxc6 dxc6
8. Qxd4 Nf6 9. Nc3 Bg4 10. Nd2 c5 11. Qe3 O-O 12. O-O Rfe8 13. f3 Bd7 14. Rfd1
b6 15. Qg5 Bc6 16. Nc4 Rad8 17. Ne3 Kh8 18. Rxd8 Rxd8 19. Rd1 Rd4 20. Ng4 Ng8
21. Qxe7 Rxd1+ 22. Nxd1 Nxe7 23. Nde3 Kg7 24. Kf2 f6 25. Ke2 Bb5+ 26. Kd2 f5
27. Nf2 f4 28. Neg4 g5 29. Ne5 Bf1 30. g3 Kf6 31. gxf4 gxf4 32. Nfd3 Kg5 33.
h4+ Kxh4 34. Nxf4 Kg5 35. Ke3 h5 36. Nfd3 h4 37. f4+ Kh5 38. Kf2 Bxd3 39. cxd3
Ng8 40. Kf3 Nf6 41. b3 a6 42. a4 a5 43. Kg2 Ne8 44. Kh3 Nf6 45. f5 c6 46. Kg2
Kg5 47. Kf3 b5 48. Nxc6 bxa4 49. bxa4 Ng4 50. Nxa5 Ne5+ 51. Kg2 Nxd3 52. Nc4
h3+ 53. Kh2 Nf2 54. a5 Kh4 55. Ne3 c4 56. f6 c3 57. f7 Ng4+ 58. Nxg4 c2 59.
f8=Q c1=Q 60. Qh6+  1-0

[Event "M.Chigorin Memorial 2017 "]
[Site "?????-?????????"]
[Date "2017.10.24"]
[Round "4"]
[Board "39"]
[White "Travkina, Anastasia"]
[Black "Soffer, Ram"]
[Result "0-1"]
[WhiteElo "2221"]
[BlackElo "2500"]
[PlyCount "56"]
[EventDate "2017.10.21"]
[EventRounds "9"]
[EventCountry "RUS"]

1. e4 c5 2. Nf3 a6 3. b4 d5 4. exd5 cxb4 5. a3 e6 6. axb4 exd5 7. Bb2 Nf6 8.
Bb5+ Nc6 9. Qe2+ Qe7 10. Ne5 Bd7 11. Nxd7 Nxd7 12. Qxe7+ Bxe7 13. Bxg7 Rg8 14.
Bc3 Nxb4 15. O-O Nxc2 16. Ra4 d4 17. Bxd4 Rc8 18. Bxd7+ Kxd7 19. Bc3 Rg6 20.
Rf4 Ke8 21. Re4 Re6 22. Rg4 b5 23. Rc1 Rcc6 24. d4 Nb4 25. Rg8+ Kd7 26. d5 Nxd5
27. Rd1 Rcd6 28. Ba5 Nf6  0-1

[Event "M.Chigorin Memorial 2017 "]
[Site "?????-?????????"]
[Date "2017.10.24"]
[Round "4"]
[Board "40"]
[White "Kharchenko, Boris"]
[Black "Shpartko, Grigory"]
[Result "1/2-1/2"]
[WhiteElo "2477"]
[BlackElo "2216"]
[PlyCount "103"]
[EventDate "2017.10.21"]
[EventRounds "9"]
[EventCountry "RUS"]

1. e4 c6 2. d4 d5 3. exd5 cxd5 4. c4 Nf6 5. Nc3 Nc6 6. Nf3 e6 7. c5 Ne4 8. Qc2
f5 9. Bb5 Bd7 10. O-O Be7 11. Bf4 g5 12. Bxc6 bxc6 13. Be5 O-O 14. Ne1 Be8 15.
Nd3 f4 16. f3 Nxc3 17. Qxc3 Bg6 18. Rfe1 a5 19. b3 a4 20. Nb2 a3 21. Nd3 Bf5
22. b4 Ra4 23. Rab1 Qd7 24. Rb3 Rfa8 25. Reb1 Qe8 26. b5 Rc4 27. Qd2 cxb5 28.
Rxb5 Qg6 29. Rb8+ Rxb8 30. Rxb8+ Kf7 31. Ne1 g4 32. Qa5 Rc1 33. Qa4 Rxe1+ 34.
Kf2 Rxe5 35. Qe8+ Kf6 36. dxe5+ Kxe5 37. Qxe7 g3+ 38. Kg1 gxh2+ 39. Kh1 Qg3 40.
Qc7+ Kd4 41. Rb4+ Ke3 42. Qe5+ Kf2 43. Qd4+ Ke2 44. Qxf4 Qf2 45. Kxh2 Qxc5 46.
Qe5+ Kf1 47. Qa1+ Ke2 48. Qe5+ Kf1 49. Qa1+ Ke2 50. Rd4 Qc2 51. Rb4 Qc5 52.
Qe5+  1/2-1/2

[Event "M.Chigorin Memorial 2017 "]
[Site "?????-?????????"]
[Date "2017.10.24"]
[Round "4"]
[Board "41"]
[White "Protopopova, Anastasiya"]
[Black "Oganian, Miran"]
[Result "0-1"]
[WhiteElo "2219"]
[BlackElo "2454"]
[PlyCount "100"]
[EventDate "2017.10.21"]
[EventRounds "9"]
[EventCountry "RUS"]

1. d4 Nf6 2. c4 e6 3. g3 d5 4. Nf3 dxc4 5. Bg2 c6 6. O-O b5 7. Ne5 Bb7 8. a4
Qc8 9. Nc3 a6 10. Bg5 Nd5 11. Nxd5 cxd5 12. e4 dxe4 13. f3 e3 14. Bxe3 Nd7 15.
f4 Bxg2 16. Kxg2 Qb7+ 17. Kg1 Qe4 18. Qd2 Nxe5 19. fxe5 Be7 20. Rf4 Qd5 21. Rg4
g6 22. Qf2 h5 23. Rf4 Bg5 24. Rf3 Bxe3 25. Qxe3 b4 26. Raf1 Ra7 27. h4 Rd7 28.
Rf4 a5 29. Kh2 Rc7 30. Qf2 Rh7 31. Rf6 Rg7 32. Qe3 Kf8 33. R6f2 Kg8 34. Rf3 c3
35. R3f2 cxb2 36. Rxb2 Rc3 37. Qf4 Ra3 38. Rc2 Rxa4 39. Rc8+ Kh7 40. Rc7 Ra2+
41. Rf2 Ra1 42. Rf3 Qa2+ 43. Rf2 Qb1 44. Qf3 Qg1+ 45. Kh3 Qh1+ 46. Qxh1 Rxh1+
47. Kg2 Rd1 48. Rfxf7 Rxf7 49. Rxf7+ Kg8 50. Ra7 b3  0-1

[Event "M.Chigorin Memorial 2017 "]
[Site "?????-?????????"]
[Date "2017.10.24"]
[Round "4"]
[Board "42"]
[White "Tsvetkov, Andrey"]
[Black "Malakhov, Igor"]
[Result "1/2-1/2"]
[WhiteElo "2218"]
[BlackElo "2446"]
[PlyCount "64"]
[EventDate "2017.10.21"]
[EventRounds "9"]
[EventCountry "RUS"]

1. d4 d5 2. c4 c6 3. Nf3 Nf6 4. g3 g6 5. Bg2 Bg7 6. O-O O-O 7. b3 Bf5 8. Bb2
Nbd7 9. Nbd2 Ne4 10. Nxe4 Bxe4 11. Re1 dxc4 12. bxc4 c5 13. e3 Rc8 14. Rc1 Qa5
15. Qb3 Rfd8 16. Bc3 Qa6 17. d5 Bxc3 18. Qxc3 b5 19. Nd2 Bxg2 20. Kxg2 bxc4 21.
Nxc4 e6 22. dxe6 Qxe6 23. Re2 Nb6 24. Qe5 Qc6+ 25. e4 Re8 26. Qd6 Qb5 27. Qd3
Rcd8 28. Qb3 Qa6 29. Qa3 Qb5 30. Qb3 Qa6 31. Qa3 Qb5 32. Qb3 Qa6  1/2-1/2

[Event "M.Chigorin Memorial 2017 "]
[Site "?????-?????????"]
[Date "2017.10.24"]
[Round "4"]
[Board "43"]
[White "Kozionov, Kirill"]
[Black "Stukan, Martin"]
[Result "0-1"]
[WhiteElo "2433"]
[BlackElo "2215"]
[PlyCount "110"]
[EventDate "2017.10.21"]
[EventRounds "9"]
[EventCountry "RUS"]

1. e4 c5 2. Nf3 d6 3. d4 cxd4 4. Nxd4 Nf6 5. Nc3 a6 6. Be3 e5 7. Nf3 Be7 8. Bc4
O-O 9. O-O Qc7 10. Bb3 Nbd7 11. Bg5 h6 12. Bxf6 Nxf6 13. Nh4 d5 14. Bxd5 Rd8
15. Nf3 Bb4 16. Re1 Be6 17. Re3 Ng4 18. Rd3 Bc5 19. Rd2 Qb6 20. Qe1 Bxd5 21.
Nxd5 Rxd5 22. exd5 e4 23. Qxe4 Nxf2 24. Rxf2 Bxf2+ 25. Kh1 Qxb2 26. Rd1 Rd8 27.
d6 Qxa2 28. d7 Bb6 29. c4 Qa4 30. Qd5 Bc7 31. c5 Qc6 32. Qd4 a5 33. Nh4 Qe6 34.
Nf3 g6 35. Qa4 Qc6 36. Qd4 a4 37. Qe3 Kg7 38. Qd4+ Kh7 39. h4 a3 40. h5 a2 41.
hxg6+ Qxg6 42. Qd5 Qe6 43. Qh5 Qf6 44. Ng5+ Kg7 45. Ne4 Qe5 46. Qg4+ Kh7 47.
Nd6 a1=Q 48. Rxa1 Qxa1+ 49. Kh2 Bxd6+ 50. cxd6 Qe5+ 51. Kh1 Qxd6 52. Qe4+ Kg7
53. Qxb7 Rxd7 54. Qb2+ Qd4 55. Qb5 Qh4+  0-1

[Event "M.Chigorin Memorial 2017 "]
[Site "?????-?????????"]
[Date "2017.10.24"]
[Round "4"]
[Board "44"]
[White "Khadzhiev, Valery"]
[Black "Gogolev, Artem"]
[Result "0-1"]
[WhiteElo "2208"]
[BlackElo "2427"]
[PlyCount "74"]
[EventDate "2017.10.21"]
[EventRounds "9"]
[EventCountry "RUS"]

1. d4 Nf6 2. Nf3 g6 3. e3 Bg7 4. Be2 O-O 5. O-O c5 6. Nbd2 d5 7. Nb3 Nbd7 8.
Ne5 c4 9. Nxd7 Bxd7 10. Nd2 b5 11. c3 Qc7 12. f4 a5 13. Bf3 b4 14. e4 dxe4 15.
Nxe4 Nxe4 16. Bxe4 Bc6 17. Bxc6 Qxc6 18. f5 a4 19. a3 bxc3 20. bxc3 Rab8 21.
Ra2 Rb3 22. Qe1 Qd6 23. Kh1 gxf5 24. Rxf5 Qe6 25. Qf1 Rxc3 26. Raf2 Rb8 27. Bd2
Rc2 28. Rxf7 Rxd2 29. Rxg7+ Kxg7 30. Rxd2 Qe4 31. h3 c3 32. Rd1 c2 33. Rc1 Rb1
34. Kh2 h6 35. d5 Rxc1 36. Qxc1 Kg6 37. h4 Qxh4+  0-1

[Event "M.Chigorin Memorial 2017 "]
[Site "?????-?????????"]
[Date "2017.10.24"]
[Round "4"]
[Board "45"]
[White "Hakobyan, Hovhannes H."]
[Black "Vlasenko, Miroslav"]
[Result "1/2-1/2"]
[WhiteElo "2212"]
[BlackElo "2423"]
[PlyCount "182"]
[EventDate "2017.10.21"]
[EventRounds "9"]
[EventCountry "RUS"]

1. e4 Nf6 2. e5 Nd5 3. d4 d6 4. c4 Nb6 5. exd6 exd6 6. Nc3 Be7 7. Nf3 O-O 8.
Bd3 Bf6 9. O-O Bg4 10. h3 Bh5 11. Be3 Nc6 12. g4 Bg6 13. g5 Be7 14. Bxg6 fxg6
15. d5 Na5 16. b3 c5 17. Ne4 Qd7 18. Kg2 Nc8 19. Nfd2 Bd8 20. Qg4 Qf7 21. Rfe1
Bc7 22. Rad1 Ne7 23. Qe6 b6 24. Qxf7+ Rxf7 25. a3 Raf8 26. b4 Nb7 27. Ng3 a6
28. Rb1 Bd8 29. h4 b5 30. bxc5 Nxc5 31. Re2 Bb6 32. cxb5 axb5 33. Rxb5 Nxd5 34.
Nc4 Bc7 35. Rd2 Nc3 36. Rbb2 N5a4 37. Rbc2 d5 38. Nb2 Nxb2 39. Rxb2 Be5 40. Bd4
Bxd4 41. Rxd4 Rf4 42. Rbd2 Ne4 43. Nxe4 dxe4 44. Rd8 Rxf2+ 45. Rxf2 Rxd8 46.
Re2 Rd4 47. Kg3 h5 48. Re3 Kf7 49. Kf4 Ra4 50. Ke5 Ke7 51. Kd5 Kd7 52. Rxe4
Ra5+ 53. Kd4 Rxa3 54. Ke5 Rf3 55. Rd4+ Ke7 56. Ra4 Re3+ 57. Kf4 Rh3 58. Ke5
Re3+ 59. Kd5 Re1 60. Ra7+ Kf8 61. Ra8+ Kf7 62. Ra7+ Kg8 63. Ra8+ Kh7 64. Ra4
Re8 65. Rc4 Ra8 66. Rb4 Kg8 67. Ke5 Kf8 68. Ke6 Ra6+ 69. Ke5 Ra7 70. Rf4+ Ke7
71. Rb4 Ra5+ 72. Ke4 Ra6 73. Rb7+ Ke6 74. Rxg7 Ra4+ 75. Kf3 Kf5 76. Rf7+ Ke5
77. Re7+ Kd5 78. Rd7+ Ke6 79. Rg7 Ra3+ 80. Kf4 Ra4+ 81. Kf3 Rxh4 82. Rxg6+ Kf5
83. Rf6+ Kxg5 84. Rf8 Ra4 85. Kg2 Kg4 86. Rf1 h4 87. Rb1 Ra2+ 88. Kg1 Ra3 89.
Kh1 Kh3 90. Rc1 Kg3 91. Rb1 h3  1/2-1/2

[Event "M.Chigorin Memorial 2017 "]
[Site "?????-?????????"]
[Date "2017.10.24"]
[Round "4"]
[Board "46"]
[White "Faizrakhmanov, Ramil"]
[Black "Ibadov, Dashgyn"]
[Result "1/2-1/2"]
[WhiteElo "2421"]
[BlackElo "2213"]
[PlyCount "142"]
[EventDate "2017.10.21"]
[EventRounds "9"]
[EventCountry "RUS"]

1. d4 g6 2. c4 Bg7 3. e4 c5 4. d5 d6 5. Nc3 e6 6. Nf3 Ne7 7. Be2 O-O 8. O-O
exd5 9. cxd5 Bg4 10. Bf4 a6 11. a4 Bxf3 12. Bxf3 Nc8 13. Qd2 Nd7 14. Bh6 Ne7
15. Bxg7 Kxg7 16. Be2 f5 17. exf5 Nxf5 18. Rae1 Nf6 19. Bd3 Nd4 20. f4 Qd7 21.
f5 Rae8 22. fxg6 hxg6 23. h3 Rxe1 24. Qxe1 Nh7 25. Rxf8 Nxf8 26. Ne4 Qe7 27.
Qa5 Nf5 28. g4 Nd4 29. Qb6 Nf3+ 30. Kf2 Ne5 31. Ke3 Qh4 32. Qc7+ Nfd7 33. Be2
Qxh3+ 34. Kd2 Qh2 35. Nc3 b5 36. axb5 axb5 37. Qd8 b4 38. Qe7+ Nf7 39. Qxd7
bxc3+ 40. bxc3 Qf4+ 41. Kd1 Qe5 42. c4 Kf6 43. Qc7 Qe7 44. Qa5 Ne5 45. Qd2 Kg7
46. Qe3 Qa7 47. Qg5 Qf7 48. Ke1 Qf6 49. Qe3 Nf7 50. Qe8 Kh6 51. Qe3+ Qg5 52.
Qf3 Kg7 53. Qe4 Ne5 54. Kf2 Kf6 55. Kg3 Qd2 56. Qf4+ Qxf4+ 57. Kxf4 Nf7 58. Bd3
g5+ 59. Ke4 Nh6 60. Be2 Ke7 61. Kd3 Kd7 62. Kc3 Kc7 63. Kb3 Kb6 64. Ka4 Ka6 65.
Bf3 Nf7 66. Bd1 Ne5 67. Be2 Kb6 68. Kb3 Ka5 69. Ka3 Nd7 70. Kb3 Nf8 71. Bd3 Kb6
 1/2-1/2

[Event "M.Chigorin Memorial 2017 "]
[Site "?????-?????????"]
[Date "2017.10.24"]
[Round "4"]
[Board "47"]
[White "Utiatskaja, Irina"]
[Black "Gaifullin, Artur"]
[Result "1/2-1/2"]
[WhiteElo "2203"]
[BlackElo "2414"]
[PlyCount "87"]
[EventDate "2017.10.21"]
[EventRounds "9"]
[EventCountry "RUS"]

1. d4 Nf6 2. c4 e6 3. Nf3 d5 4. Nc3 Be7 5. Bf4 O-O 6. e3 c5 7. dxc5 Bxc5 8. Qc2
Nc6 9. Rd1 Qa5 10. Be2 Nb4 11. Qb3 dxc4 12. Bxc4 Nfd5 13. a3 Nxf4 14. axb4
Nxg2+ 15. Kf1 Nxe3+ 16. fxe3 Bxb4 17. Rg1 b5 18. Bd3 Bxc3 19. Qxc3 Qxc3 20.
bxc3 Bb7 21. Kf2 a6 22. Bb1 Rfc8 23. Ng5 h6 24. Be4 Bxe4 25. Nxe4 Ra7 26. Rd6
Rc4 27. Rd4 Rac7 28. Ra1 f5 29. Nd2 R4c6 30. Rd8+ Kh7 31. Ra8 Rxc3 32. R8xa6 e5
33. Rd6 e4 34. Ke2 R3c5 35. Rb1 Ra7 36. Rb6 Rd7 37. R6xb5 Rc2 38. Rd1 g6 39.
Rb4 h5 40. h4 Ra7 41. Rd4 Rca2 42. Rg1 Ra1 43. Rxa1 Rxa1 44. Nxe4  1/2-1/2

[Event "M.Chigorin Memorial 2017 "]
[Site "?????-?????????"]
[Date "2017.10.24"]
[Round "4"]
[Board "48"]
[White "Kotau, Arseni"]
[Black "Erenberg, Ariel"]
[Result "0-1"]
[WhiteElo "2187"]
[BlackElo "2401"]
[PlyCount "96"]
[EventDate "2017.10.21"]
[EventRounds "9"]
[EventCountry "RUS"]

1. d4 Nf6 2. c4 e6 3. g3 d5 4. Bg2 Bb4+ 5. Bd2 Be7 6. Nf3 Nbd7 7. cxd5 exd5 8.
Nc3 c6 9. O-O O-O 10. Qc2 h6 11. Rab1 a5 12. a3 Re8 13. b4 axb4 14. axb4 b5 15.
e4 Nxe4 16. Nxe4 dxe4 17. Qxe4 Ra6 18. Qc2 Bd6 19. Rfe1 Rxe1+ 20. Rxe1 Nf6 21.
Ne5 Bxe5 22. dxe5 Nd5 23. Qd3 Be6 24. Be3 Ra2 25. Bc5 Qg5 26. h4 Qd8 27. Be4
Qa8 28. Bf5 Ra1 29. Rb1 Ra3 30. Qc2 Ra2 31. Qd3 Bxf5 32. Qxf5 Qe8 33. Re1 Qe6
34. Qd3 h5 35. Qd4 Ra4 36. Qb2 Qg4 37. Rb1 Qe4 38. Kh2 Kh7 39. Kg1 Nc3 40. Rf1
Qxe5 41. Qc2+ f5 42. Bd6 Qxd6 43. Qxc3 Rxb4 44. Qf3 Qg6 45. Ra1 Rxh4 46. Ra8
Re4 47. Rf8 f4 48. Qb3 Rc4  0-1

[Event "M.Chigorin Memorial 2017 "]
[Site "?????-?????????"]
[Date "2017.10.24"]
[Round "4"]
[Board "49"]
[White "Vokhidov, Shamsiddin"]
[Black "Kharmunova, Nadezhda"]
[Result "1-0"]
[WhiteElo "2399"]
[BlackElo "2199"]
[PlyCount "79"]
[EventDate "2017.10.21"]
[EventRounds "9"]
[EventCountry "RUS"]

1. e4 c5 2. Nf3 Nc6 3. d4 cxd4 4. Nxd4 Qb6 5. Nb3 Nf6 6. Nc3 e6 7. Bd3 a6 8.
O-O Be7 9. Bg5 O-O 10. Qd2 Qc7 11. Rae1 b5 12. a3 Bb7 13. Re3 Ng4 14. Rg3 Nge5
15. Bxe7 Nxe7 16. f4 Nxd3 17. Rxd3 Rad8 18. Rd1 d5 19. e5 f6 20. Nd4 fxe5 21.
fxe5 Ng6 22. Re3 Bc8 23. Qe1 Rf4 24. Qg3 Rdf8 25. Nce2 R4f7 26. c3 Qc4 27. Qe1
a5 28. Qd2 Rf2 29. Rf3 R2xf3 30. Nxf3 Qg4 31. h3 Qe4 32. Ng3 Qc4 33. Re1 b4 34.
cxb4 axb4 35. axb4 Nf4 36. Rc1 Qa6 37. Kh2 d4 38. Qxd4 Bb7 39. Rc7 Bxf3 40. Qd7
 1-0

[Event "M.Chigorin Memorial 2017 "]
[Site "?????-?????????"]
[Date "2017.10.24"]
[Round "4"]
[Board "50"]
[White "Navrodskiy, Boris"]
[Black "Bryakin, Mikhail"]
[Result "1/2-1/2"]
[WhiteElo "2180"]
[BlackElo "2391"]
[PlyCount "120"]
[EventDate "2017.10.21"]
[EventRounds "9"]
[EventCountry "RUS"]

1. d4 d5 2. c4 c6 3. Nf3 e6 4. e3 Nd7 5. Nbd2 f5 6. Bd3 Nh6 7. O-O Bd6 8. a3
O-O 9. b4 Rf6 10. Bb2 Nf7 11. Re1 Rh6 12. Nf1 g5 13. N3d2 g4 14. b5 Qh4 15. f4
gxf3 16. Nxf3 Qh5 17. a4 Ng5 18. Ne5 Qh4 19. Qe2 Nf6 20. Qf2 Qxf2+ 21. Kxf2
Nge4+ 22. Kg1 Bxe5 23. dxe5 Nd7 24. Bxe4 fxe4 25. cxd5 exd5 26. Rac1 c5 27.
Rcd1 Nb6 28. Ba3 Bg4 29. Rd2 Nxa4 30. Rxd5 b6 31. Ng3 Nc3 32. Rd2 Nxb5 33. Nxe4
Be6 34. Bb2 Rg6 35. Rf1 c4 36. Rf6 Rc8 37. Nd6 Rxf6 38. exf6 Nxd6 39. Rxd6 Kf7
40. Bc3 Rb8 41. e4 b5 42. Ra6 Rb7 43. Bd4 b4 44. Rxa7 Rxa7 45. Bxa7 Kxf6 46.
Bc5 b3 47. Kf2 Kg5 48. Be3+ Kg4 49. h3+ Kh5 50. Bd4 Kg5 51. Kf3 h5 52. Be3+ Kf6
53. Bd4+ Ke7 54. Kf4 Kd6 55. h4 Kc6 56. Ke3 Kb5 57. Kd2 Ka4 58. Bb2 Kb4 59. g3
Bg4 60. e5 Be6  1/2-1/2

[Event "M.Chigorin Memorial 2017 "]
[Site "?????-?????????"]
[Date "2017.10.24"]
[Round "4"]
[Board "51"]
[White "Gubajdullin, Alexei"]
[Black "Nandhidhaa, Pv"]
[Result "1/2-1/2"]
[WhiteElo "2391"]
[BlackElo "2190"]
[PlyCount "83"]
[EventDate "2017.10.21"]
[EventRounds "9"]
[EventCountry "RUS"]

1. d4 d5 2. Bf4 c5 3. e3 Nc6 4. Nf3 Nf6 5. c3 e6 6. Nbd2 Bd6 7. Bg3 O-O 8. Bd3
b6 9. Ne5 Bb7 10. f4 Ne7 11. Qf3 Nf5 12. Bf2 Be7 13. Ng4 Nxg4 14. Qxg4 Nd6 15.
Qh3 Ne4 16. Nf3 f5 17. Bh4 a5 18. Bxe7 Qxe7 19. a4 Ba6 20. Bxe4 dxe4 21. Ne5
Qc7 22. Kf2 Bd3 23. Rhd1 c4 24. g4 Rab8 25. gxf5 exf5 26. Rd2 b5 27. axb5 Rxb5
28. Rg1 Qb7 29. Qh6 Re8 30. Qh5 Re7 31. Qxf5 Rxb2 32. Rxb2 Qxb2+ 33. Kg3 h6 34.
Ng6 Re8 35. Qd7 Rb8 36. Ne7+ Kh8 37. Rg2 Qc1 38. Nf5 Qe1+ 39. Rf2 Qg1+ 40. Rg2
Qe1+ 41. Rf2 Qg1+ 42. Rg2  1/2-1/2

[Event "M.Chigorin Memorial 2017 "]
[Site "?????-?????????"]
[Date "2017.10.24"]
[Round "4"]
[Board "52"]
[White "Vastrukhin, Oleg"]
[Black "Zhou, Guijue"]
[Result "1-0"]
[WhiteElo "2386"]
[BlackElo "2179"]
[PlyCount "111"]
[EventDate "2017.10.21"]
[EventRounds "9"]
[EventCountry "RUS"]

1. Nf3 d5 2. g3 g6 3. c4 c6 4. Bg2 Bg7 5. cxd5 cxd5 6. d4 Nf6 7. O-O O-O 8. Nc3
Nc6 9. Bf4 h6 10. Rc1 Be6 11. Ne5 Qb6 12. Na4 Qb5 13. Nxc6 bxc6 14. Be5 Rfc8
15. b3 Nd7 16. Bxg7 Kxg7 17. Qd2 Bf5 18. f3 e5 19. dxe5 Nxe5 20. e4 Be6 21. f4
Nd3 22. Rc3 dxe4 23. Bxe4 Nb4 24. Rc5 Qb7 25. f5 Bd5 26. fxg6 fxg6 27. Bb1 Rf8
28. Rcc1 a5 29. Qd4+ Kh7 30. Nc5 Qa7 31. h4 h5 32. Rf6 Rxf6 33. Qxf6 Qg7 34.
Rf1 Re8 35. Qxg7+ Kxg7 36. Kf2 Bf7 37. Re1 Rxe1 38. Kxe1 Nd5 39. Kd2 Nb6 40. a4
Kf6 41. Bc2 Ke5 42. Nb7 Nd5 43. Nxa5 Nb4 44. Nc4+ Kd5 45. a5 Kc5 46. Ne5 Nxc2
47. Kxc2 Bd5 48. Kc3 Be4 49. b4+ Kb5 50. Nc4 Bg2 51. Nd6+ Ka6 52. Kc4 Bf1+ 53.
Kc5 Bg2 54. Nf7 Kb7 55. Nd8+ Kc7 56. a6  1-0

[Event "M.Chigorin Memorial 2017 "]
[Site "?????-?????????"]
[Date "2017.10.24"]
[Round "4"]
[Board "53"]
[White "Semenenko, Sergey"]
[Black "Nikitenko, Mihail"]
[Result "1/2-1/2"]
[WhiteElo "2175"]
[BlackElo "2376"]
[PlyCount "147"]
[EventDate "2017.10.21"]
[EventRounds "9"]
[EventCountry "RUS"]

1. d4 d5 2. c4 c6 3. Nc3 Nf6 4. e3 e6 5. Nf3 Nbd7 6. b3 Bd6 7. Be2 O-O 8. O-O
Qe7 9. Bb2 b6 10. Qc2 Bb7 11. Rad1 Rad8 12. e4 dxe4 13. Nxe4 Nxe4 14. Qxe4 Nf6
15. Qe3 c5 16. h3 Ne4 17. Bd3 f5 18. Qe2 Rde8 19. Ne5 cxd4 20. Bxd4 Qc7 21.
Bxe4 Bxe4 22. f4 Rd8 23. Qe3 h6 24. Ng6 Rfe8 25. h4 Bb4 26. Kh2 Qb7 27. Qg3 Rd7
28. Ne5 Rde7 29. Qg6 Rf8 30. Bb2 a5 31. Rf2 Qc8 32. Ng4 Qe8 33. Ne5 Ra7 34. Bd4
Rb7 35. Be3 Qe7 36. Qg3 Ra8 37. a3 Bc3 38. Bc1 Bxe5 39. fxe5 Kh7 40. h5 Qe8 41.
Qg6+ Qxg6 42. hxg6+ Kxg6 43. Rd6 Kf7 44. a4 Rc8 45. Be3 Rc6 46. Rxc6 Bxc6 47.
Rd2 Be4 48. Rd6 Bc2 49. Bxb6 Bxb3 50. c5 Bxa4 51. c6 Rxb6 52. c7 Rxd6 53. c8=Q
Rd5 54. Qc7+ Bd7 55. Kg3 a4 56. Kf3 Kg6 57. g4 fxg4+ 58. Kxg4 h5+ 59. Kf4 Kh7
60. Kg5 Be8 61. Qc2+ Kg8 62. Qc7 a3 63. Qb8 Kf7 64. Qa7+ Bd7 65. Kxh5 Rd3 66.
Kg5 Ke7 67. Qc5+ Ke8 68. Qa7 Rb3 69. Kg6 Rg3+ 70. Kh7 Rc3 71. Kxg7 Rg3+ 72. Kf6
Rf3+ 73. Kg7 Rg3+ 74. Kf6  1/2-1/2